Charli XCX Songs (Updated January 2026) - Statistics

General Stats
  • This quiz has been taken 1,113 times
    199 since last reset
  • The average score is 52 of 155
Answer Stats
Album # Song % Correct
brat 1 360
90%
brat 15 365
89%
brat 11 Apple
81%
Vroom Vroom 1 Vroom Vroom
78%
brat 17 Guess
77%
brat 6 Von dutch
77%
Collaborations 2018 Girls
76%
brat 3 Sympathy is a knife
74%
Sucker 6 Boom Clap
72%
how i'm feeling now 9 party 4 u
72%
brat 2 Club classics
69%
brat 12 B2b
66%
brat 10 Girl, so confusing
66%
Pop 2 10 Track 10
66%
Crash 1 Crash
65%
Charli 4 1999
64%
brat 13 Mean girls
64%
brat 7 Everything is romantic
63%
brat 18 Spring breakers
63%
brat 5 Talk talk
62%
brat 9 So I
59%
Collaborations 2012 I Love It
57%
brat 4 I might say something stupid
57%
brat 8 Rewind
57%
Charli 15 2099
55%
Sucker 2 Break the Rules
55%
Singles 2017 Boys
54%
Number 1 Angel 10 Lipgloss
54%
how i'm feeling now 1 pink diamond
54%
how i'm feeling now 3 claws
52%
brat 14 I think about it all the time
52%
Sucker 1 Sucker
52%
True Romance 2 You (Ha Ha Ha)
52%
Collaborations 2014 Fancy
51%
Charli 1 Next Level Charli
51%
brat 16 Hello goodbye
49%
how i'm feeling now 2 forever
48%
True Romance 1 Nuclear Seasons
48%
Singles 2023 Speed Drive
47%
Vroom Vroom 3 Trophy
47%
Crash 7 Baby
45%
Crash 3 Good Ones
45%
Pop 2 8 Unlock It
45%
Singles 2025 House
43%
Charli 9 White Mercedes
43%
how i'm feeling now 10 anthems
42%
Crash 5 Beg for You
41%
Singles 2025 Chains of Love
41%
how i'm feeling now 5 detonate
41%
Crash 8 Lightning
41%
Pop 2 6 Femmebot
39%
Crash 10 Yuck
39%
how i'm feeling now 4 7 years
38%
Pop 2 1 Backseat
38%
Charli 8 Blame It on Your Love
38%
Charli 5 Click
38%
Charli 14 February 2017
38%
Crash 2 New Shapes
38%
Pop 2 4 Tears
38%
how i'm feeling now 6 enemy
37%
Charli 2 Gone
37%
Vroom Vroom 4 Secret (Shh)
37%
Crash 11 Used to Know Me
37%
True Romance 6 Grins
36%
Vroom Vroom 2 Paradise
36%
how i'm feeling now 8 c2.0
35%
Charli 3 Cross You Out
35%
how i'm feeling now 7 i finally understand
35%
Charli 10 Silver Cross
34%
how i'm feeling now 11 visions
34%
Number 1 Angel 4 Roll with Me
33%
True Romance 12 How Can I
32%
Singles 2016 After the Afterparty
31%
Crash 4 Constant Repeat
31%
Pop 2 9 Porsche
31%
Charli 13 Shake It
31%
Number 1 Angel 7 White Roses
31%
Sucker 3 London Queen
30%
Pop 2 3 Lucky
30%
Pop 2 5 I Got It
29%
Singles 2018 No Angel
29%
Charli 6 Warm
29%
Number 1 Angel 2 3AM (Pull Up)
28%
Number 1 Angel 1 Dreamer
28%
Charli 12 Official
28%
True Romance 10 Black Roses
27%
Number 1 Angel 6 ILY2
27%
True Romance 8 Cloud Aura
26%
Crash 9 Every Rule
26%
Crash 14 How Can I Not Know What I Need Right Now
26%
Pop 2 2 Out of My Head
26%
Sucker 15 Red Balloon
26%
Crash 12 Twice
26%
Number 1 Angel 9 Drugs
25%
Singles 2018 Girls Night Out
25%
Sucker 5 Gold Coins
25%
True Romance 9 What I Like
25%
Number 1 Angel 8 Babygirl
24%
Number 1 Angel 3 Blame It on U
24%
Sucker 7 Doing It
24%
Singles 2018 Focus
24%
True Romance 4 Stay Away
24%
Crash 6 Move Me
23%
Crash 13 Selfish Girl
23%
Pop 2 7 Delicious
22%
Singles 2022 Hot Girl
22%
Collaborations 2022 Hot in It
22%
Crash 15 Sorry If I Hurt You
22%
Singles 2013 SuperLove
22%
Singles 2018 5 in the Morning
21%
Sucker 9 Famous
21%
True Romance 5 Set Me Free
21%
Charli 7 Thoughts
21%
Number 1 Angel 5 Emotional
20%
Charli 11 I Don't Wanna Know
20%
True Romance 13 Lock You Up
20%
Collaborations 2023 Welcome to My Island (Remix)
20%
Sucker 4 Breaking Up
18%
Singles 2023 In the City
18%
True Romance 7 So Far Away
18%
True Romance 3 Take My Hand
18%
Collaborations 2021 Out Out
17%
Crash 16 What You Think About Me
16%
Collaborations 2021 Xcxoplex
16%
True Romance 11 You're the One
16%
Sucker 14 Need Ur Luv
15%
Collaborations 2020 Ringtone
15%
Collaborations 2023 2 die 4
13%
Collaborations 2019 Flash Pose
13%
Collaborations 2021 Spinning
13%
Sucker 8 Body of My Own
12%
Sucker 12 Die Tonight
10%
Collaborations 2015 Drop That Kitty
10%
Sucker 11 So Over You
10%
Collaborations 2017 Dirty Sexy Money
9%
Collaborations 2021 911 (Remix)
8%
Collaborations 2018 Bitches
8%
Collaborations 2019 Bricks
8%
Sucker 13 Caught in the Middle
8%
Collaborations 2021 Charger
8%
Collaborations 2021 Drama
8%
Sucker 10 Hanging Around
8%
Collaborations 2019 Dream Glow
7%
Collaborations 2011 End of the World
6%
Collaborations 2019 Spicy
6%
Collaborations 2017 1 Night
4%
Collaborations 2019 XXXTC
4%
Collaborations 2018 100 Bad
3%
Collaborations 2017 Crazy Crazy
3%
Collaborations 2011 Lost in Space
3%
Collaborations 2017 Love Gang
3%
Collaborations 2015 Hand in the Fire
2%
Collaborations 2018 Playboy Style
2%
Collaborations 2013 Illusions Of
1%
Singles 2019 Miss U
0%
No matching quizzes found
Score Distribution
Percent of People with Each Score
Percentile by Number Answered
Your Score History
You have not taken this quiz since the last reset